[Event "Montigny le Bretonneux Noel op 09th"]
[Site "Montigny le Bretonneux"]
[Date "2006.12.27"]
[Round "5"]
[White "Msellek, Ilyass"]
[Black "Koum, Rene"]
[Result "1/2-1/2"]
[WhiteElo "1600"]
[BlackElo "1793"]
[PlyCount "52"]
[EventDate "2006.12.27"]
[EventType "swiss"]
[EventRounds "7"]
[EventCountry "FRA"]
[SourceTitle "CBM 116 Extra"]
[Source "ChessBase"]
[SourceDate "2007.03.07"]
[SourceVersion "1"]
[SourceVersionDate "2007.03.07"]
[SourceQuality "1"]

1. e4 c6 2. d4 d5 3. Nc3 dxe4 4. Nxe4 Bf5 5. Ng3 Bg6 6. Nf3 Nd7 7. h4 h6 8. Bc4 e6 9. 0-0 Ngf6 10. Re1 Be7 11. Ne2 Nd5 12. g3 0-0 13. Bxd5 cxd5 14. Nf4 Bf5 15. Ne5 Nxe5 16. Rxe5 Qd7 17. c3 Bd6 18. Re1 Bxf4 19. Bxf4 Qb5 20. Qb3 Qxb3 21. axb3 Bd3 22. Bd6 Rfc8 23. Ra3 a6 24. Kg2 Rc6 25. Bf4 Be4+ 26. f3 Bd3 1/2-1/2

[Event "Elancourt op"]
[Site "Elancourt"]
[Date "2006.04.22"]
[Round "8"]
[White "Koum, Rene"]
[Black "Chasez, Fabien"]
[Result "1/2-1/2"]
[WhiteElo "1740"]
[BlackElo "1977"]
[PlyCount "65"]
[EventDate "2006.04.16"]
[EventType "swiss"]
[EventRounds "9"]
[EventCountry "FRA"]
[SourceTitle "CBM 111 Extra"]
[Source "ChessBase"]
[SourceDate "2006.05.09"]
[SourceVersion "1"]
[SourceVersionDate "2006.05.09"]
[SourceQuality "1"]

1. d4 d5 2. c4 dxc4 3. e3 Nf6 4. Bxc4 e6 5. Nf3 c5 6. Nc3 a6 7. a4 Nc6 8. 0-0 Be7 9. Qd3 0-0 10. Rd1 Qc7 11. Qe2 Bd7 12. e4 cxd4 13. Nxd4 Ne5 14. Bf4 Bd6 15. Ba2 Rac8 16. h3 Kh8 17. Bg5 Nc6 18. Qd2 Nxd4 19. Qxd4 Be5 20. Qd3 Rfd8 21. Qb1 h6 22. Be3 Bc6 23. f3 Bxc3 24. bxc3 Bxa4 25. Rxd8+ Qxd8 26. Qxb7 Rxc3 27. Qa7 Bb5 28. Bb6 Qd2 29. Qxf7 Rc1+ 30. Rxc1 Qxc1+ 31. Kh2 Qf4+ 32. Kg1 Qc1+ 33. Kh2 1/2-1/2

[Event "Elancourt op"]
[Site "Elancourt"]
[Date "2006.04.19"]
[Round "5"]
[White "Fauvel, Jean Pierre"]
[Black "Koum, Rene"]
[Result "1-0"]
[WhiteElo "1992"]
[BlackElo "1740"]
[PlyCount "99"]
[EventDate "2006.04.16"]
[EventType "swiss"]
[EventRounds "9"]
[EventCountry "FRA"]
[SourceTitle "CBM 111 Extra"]
[Source "ChessBase"]
[SourceDate "2006.05.09"]
[SourceVersion "1"]
[SourceVersionDate "2006.05.09"]
[SourceQuality "1"]

1. e4 c6 2. d4 d5 3. f3 e6 4. Nc3 Bb4 5. e5 Ba5 6. a3 Bc7 7. Be3 b6 8. b4 h6 9. f4 Ne7 10. Nf3 Ba6 11. Bxa6 Nxa6 12. g4 Nb8 13. Rg1 Nd7 14. Qd3 b5 15. Ne2 Nb6 16. Ng3 Nc4 17. Nh5 Rg8 18. Bf2 Kd7 19. Bh4 Kc8 20. a4 bxa4 21. Rxa4 Bb6 22. Ra2 Qf8 23. Nd2 Nxd2 24. Qxd2 Kb7 25. Bf2 Ng6 26. Ke2 Ne7 27. Rb1 Nc8 28. Qd3 Qe7 29. Ng3 Qf8 30. c4 dxc4 31. Qxc4 Ne7 32. Ne4 Nc8 33. Qa6+ Kc7 34. Rc2 Ne7 35. Nd6 Rb8 36. Nb5+ Kd8 37. Nxa7 Bxa7 38. Qxa7 Rc8 39. b5 Rc7 40. b6 Rxa7 41. bxa7 Kc7 42. d5 Nxd5 43. Bc5 Qa8 44. Kd3 Kd7 45. Rcb2 Nc3 46. Rb7+ Ke8 47. Re7+ Kd8 48. Rbb7 Qxb7 49. Rxb7 Nd5 50. Rxf7 1-0